00818nam a2200193Ia 4500001001000000003000500010008004100015010001100056040000900067100003300076245023300109260003800342300001000380502008700390650002200477650003100499700004100530710005300571Para_1439CHAP220125s1999 xx 000 0 und d a200186 cCHAP aSánchez Arellano, Gilberto aEvaluación del manejo integrado para el control de la broca del fruto del cafeto Hypothenemus hampei Ferr., en la zona Cordoba-Huatus, Ver., México /c por Gilberto Sánchez Arellano y Júan Carlos Hernández Rodríguez aChapingo, Méx. :b Los autores a76 h. aTesis (Ing. Agr. Esp. en Parasitología Agrícola), UACh. Depto. Parasitología aCafé x plagas  aManejo integrado de plagas aHernández Rodríguez, Juan Carlos aUACh. Departamento de Parasitología Agrícola